| 000 | 00627cam a2200217 4500500 | ||
|---|---|---|---|
| 005 | 20260405002643.0 | ||
| 041 | _afre | ||
| 042 | _adc | ||
| 100 | 1 | 0 |
_aRoux, Mathias _eauthor |
| 245 | 0 | 0 | _aPourquoi est-on parfois agressif en voiture ? |
| 260 | _c2018. | ||
| 500 | _a8 | ||
| 690 | _aBaudrillard | ||
| 690 | _aÉpictète | ||
| 690 | _aHegel | ||
| 690 | _aSchopenhauer | ||
| 690 | _aViolence | ||
| 690 | _aVoiture | ||
| 786 | 0 | _nPhilosophie magazine | 116 | 2 | 2018-02-01 | p. 43-43 | 1951-1787 | |
| 856 | 4 | 1 | _uhttps://shs.cairn.info/magazine-philosophie-magazine-2018-2-page-43?lang=fr&redirect-ssocas=7080 |
| 999 |
_c2059734 _d2059734 |
||